Регионална библиотека "Любен Каравелов" - Русе

Най-обичам | За вас, деца любими | Бъди юнак (Запис номер 133938)

MARC детайли
000 -Лидер
Контролно поле с фиксирана дължина 01973nam a2200385 a 4500
003 - Код на организацията, давaща контролен номер
Контролно поле BLK
005 - Дата и час на последна редакция
Контролно поле 20241206005451.0
008 - Елементи от данни с фиксирана дължина
fixed length control field 180409b bul|||||r ||||||| ||bul||
010 ## - Наследен системен номер
LC control number KNG00139841000
040 ## - Източник на каталожния запис
Идентификатор на билиотеката - собственик на записа BLK
041 ## - Код за език
Код за езика на текст/звукозапис или на отделно заглавие Български
Код за езика КДБФ Български
080 ## - УДК
Текстов определител УДК Българска литература
УДК код - определител по УДК 821.163.2
УДК определител -93-1
УДК - код + определител 821.163.2-93-1
100 ## - Редна дума - Автор
Автор Габе, Дора Петрова
Автор - информация (биография) Поетеса и писателка. Преводачка от полски език.
Дати, свързани с автора 1886-1983
Пълна форма на името Габе, Изидора Петрова
R(LIN) 369524
139 ## - Редно поле
Редна дума Габе, Дора Петрова
Авторски знак Габ - Г 13
245 10 - Сведения за заглавието
Заглавие Най-обичам
Редно поле (дума) Дора Габе; Елисавета Багряна; Калина Малина; худож. Никифор Русков; Райна Иванова Радева-Митова.
245 10 - Сведения за заглавието
Заглавие За вас, деца любими
Редно поле (дума) Елисавета Багряна
245 10 - Сведения за заглавието
Заглавие Бъди юнак
Подзаглавни данни Стихове за деца
Редно поле (дума) Калина Малина ; Худож. Никифор Русков
250 ## - Област на изданието
Сведения за изданието 2. изд
257 ## - Страна на издаване
Страна на създаване/издаване България
260 ## - Област на издателските данни
Име на издателя, разпространителя и проч. Медицина и физкултура
Година на издаване 1976
Място на издаване, разпространение и проч. София
300 ## - Физическа характеристика
Страници 96 с.
Илюстрации и др. с ил.
Размери/Мащаб 29 см
380 ## - Жанр
Жанр Детска худож. лит.
500 ## - Общи забележки
Забележка Истинското име на Калина Малина е Райна Иванова Радева-Митова. - 1. изд. 1972. - 90 101 тир.
700 ## - Други автори (авторска отговорност)
Лично име Багряна, Елисавета
Дати, свързани с автора 1893-1991
Пълна форма на името Белчева, Елисавета Любомирова
9 (RLIN) 364149
700 1# - Други автори (авторска отговорност)
Лично име Калина Малина
Друга информация Радева-Митова, Райна Иванова
9 (RLIN) 377387
700 1# - Други автори (авторска отговорност)
Лично име Русков, Никифор
Автороска отговорност (Описва отношението между автора и произведението) худож.
9 (RLIN) 364263
700 1# - Други автори (авторска отговорност)
Лично име Радева-Митова, Райна Иванова
Автороска отговорност (Описва отношението между автора и произведението) *
9 (RLIN) 317807
852 ## - Местоположение
Форматна сигнатура Цб ІІ 17569
856 4# - Електронен адрес и достъп
Електронен формат pdf - файл
856 4# - Електронен адрес и достъп
Електронен формат pdf - файл
999 ## - СИСТЕМНИ КОНТРОЛНИ НОМЕРА
Koha biblionumber 133938
Koha biblioitemnumber 133938
942 ## - АРТИКУЛИ
Вид на библиотечния материал Книги
Скрит в OPAC Не
Периодичен библиозапис Да
Koha issues (borrowed), all copies 1
944 ## - СЪЗДАВАНЕ И РЕДАКЦИЯ на ЗАПИСА
Създаване/Редакция Създаване
Дата на регистрацията/редакция 20.02.2013
Статус, дата на статуса CRON CRON
Служител, извършил регистрацията/редакцията
944 ## - СЪЗДАВАНЕ И РЕДАКЦИЯ на ЗАПИСА
Създаване/Редакция Редакция
Дата на регистрацията/редакция 20.02.2013
Статус, дата на статуса 20.02.2013 - от С1,Р / 20.02.2013
999 ## - СИСТЕМНИ КОНТРОЛНИ НОМЕРА
Koha biblioitemnumber 133938
Наличности
Код за отписване Код за изгубен артикул Източник на класификационната схема Код за повреда Коз за рестрикции Код за отдаване Артикулен № Име на библиотеката - собственик Име на библиотеката, в която се намира в момента Статус (Текущо местоположение) Дата на вписване в системата Местоположение - отдел Цена в лева Инвентарен номер Систематично азбучна сигнатура Баркод Номер на екземпляра Цена в евро Служебна бележка Служебен тип на артикула
  Не е изгубен Universal Decimal Classification Не е повреден само за читалня ползва се в читалня 218621 Регионална библиотека "Любен Каравелов" Русе Регионална библиотека "Любен Каравелов" Русе Хранилище 1976-01-01 Хранилище 1.20 216570 Цб ІІ 17569 120000216570 1 0.61 N: стар фонд Дата: 01.01.1976 Книги
Изтеглен Не е изгубен Universal Decimal Classification Не е повреден без рестрикции заемане за дома 218622 Регионална библиотека "Любен Каравелов" Русе Регионална библиотека "Любен Каравелов" Русе Детски отдел 1976-01-01 Детски отдел 1.20 216890 ДХ 886.7/Г 13 216890 2 0.61 N: стар фонд Дата: 01.01.1976 Дата инв: 23.09.2015 Бележки инв: Д2015 Книги
Изтеглен Не е изгубен Universal Decimal Classification Не е повреден без рестрикции заемане за дома 218623 Регионална библиотека "Любен Каравелов" Русе Регионална библиотека "Любен Каравелов" Русе Детски отдел 1976-01-01 Детски отдел 1.20 216892 ДХ 886.7/Г 13 216892 3 0.61 N: стар фонд Дата: 01.01.1976 Дата инв: 01.09.2015 Бележки инв: Д2015 Книги
  Не е изгубен Universal Decimal Classification Не е повреден без рестрикции заемане за дома 218624 Регионална библиотека "Любен Каравелов" Русе Регионална библиотека "Любен Каравелов" Русе Детски отдел 1976-01-01 Детски отдел 1.20 216893 ДХ 886.7/Г 13 120000216893 4 0.61 N: стар фонд Дата: 01.01.1976 Дата инв: 01.09.2015 Бележки инв: Д2015 Книги
  Не е изгубен Universal Decimal Classification Не е повреден без рестрикции заемане за дома 218625 Регионална библиотека "Любен Каравелов" Русе Регионална библиотека "Любен Каравелов" Русе Детски отдел 1976-01-01 Детски отдел 1.20 216895 ДХ 886.7/Г 13 120000216895 5 0.61 N: стар фонд Дата: 01.01.1976 Дата инв: 23.09.2015 Бележки инв: Д2015 Книги
Vip Innovations Ltd, Rousse, Bulgaria 2025